000
00303 a2200157 4500
001
162598
020
_a
040
_c
Magnum
100
_a
-
240
1
0
_a
Cinderela/record
_l
por
245
1
0
_a
Cinderela/record
362
0
_a
1899
440
1
_a
Record
697
_a
I/FADAS, FANTASIA
942
_c
BK
999
_c
162598
_d
162598